000 00526nab a2200157Ia 4500
003 ES-SlBCS
005 20210601124314.0
008 140529s1984 xxu||||| |||| 00| 0 eng d
041 _aeng
100 1 _aWalker, James C.
_9139401
245 0 4 _aThe Ideal of the Educated Woman: Jane Rolan Martin on Education and Gender
_c James C. Walker, M. A. O'Loughlin
650 0 4 _aEducación
_986687
700 1 _aO'loughlin, M. A.
_9139471
773 0 _tEducational Theory
_gvol. 34, nº. 4, 1984, págs. 327-340
_wRev1399
942 _cAR
999 _c512634
_d512634